[Event "European Youth Chess Championship B12"]
[Site "Prague, Top Hotel Prague"]
[Date "2016.08.18"]
[Round "1.15"]
[White "Jordanov, Mihail"]
[Black "Van, Dael Siem"]
[Result "0-1"]
[WhiteElo "1758"]
[BlackElo "2082"]
[PlyCount "102"]
[EventDate "2016.08.18"]

1. e4 e5 2. Nf3 Nc6 3. Bc4 Nf6 4. d3 Bc5 5. Nc3 h6 6. Be3 Bb6 7. Qd2 d6 8. h3
Be6 9. Bb3 Qd7 10. O-O-O O-O-O 11. Bxb6 axb6 12. d4 Bxb3 13. axb3 Nh5 14. Nd5
f5 15. Qe2 fxe4 16. Qxe4 Nf6 17. Nxf6 gxf6 18. Qg6 Rdf8 19. Rhe1 Ne7 20. Qg7
Rhg8 21. Qxh6 Nf5 22. Qd2 Qh7 23. Rg1 e4 24. Nh2 Nh4 25. f3 f5 26. fxe4 fxe4
27. Ng4 Nf5 28. Rdf1 c5 29. dxc5 bxc5 30. b4 b6 31. bxc5 bxc5 32. Rf4 Nd4 33.
Rgf1 Rxf4 34. Rxf4 Kb7 35. Nf6 Ra8 36. Kb1 Qf7 37. b3 Kc6 38. Nxe4 Qa7 39. Qc3
Qa2+ 40. Kc1 Ne2+ 41. Kd2 Nxc3 42. Nxc3 Qa5 43. Ra4 Qd8 44. Rg4 Qf6 45. h4 Qf2+
46. Ne2 Re8 47. Rg6 Rxe2+ 48. Kc1 Rxc2+ 49. Kb1 Rb2+ 50. Ka1 Ra2+ 51. Kb1 Qb2#
0-1

[Event "European Youth Chess Championship B12"]
[Site "Prague, Top Hotel Prague"]
[Date "2016.08.18"]
[Round "1.16"]
[White "Morgunov, Marc"]
[Black "Mechlinski, Jakub"]
[Result "1-0"]
[WhiteElo "2078"]
[BlackElo "1753"]
[PlyCount "57"]
[EventDate "2016.08.18"]

1. e4 c5 2. Nf3 e6 3. d3 d5 4. Nbd2 Nc6 5. g3 Nf6 6. Bg2 Be7 7. O-O O-O 8. Re1
b6 9. e5 Nd7 10. Nf1 Qc7 11. Bf4 Ba6 12. h4 Rfc8 13. Ne3 b5 14. Bh3 Nb6 15. Ng5
h6 16. Nxf7 Qd7 17. Qh5 Bf8 18. Qg6 Be7 19. Nxh6+ Kh8 20. Nf7+ Kg8 21. Qxe6
Qxe6 22. Bxe6 Rc7 23. Ng5+ Kh8 24. Bf7 d4 25. e6 Rac8 26. Ng4 Nd5 27. Ne5 Nf6
28. f3 Bb7 29. Re2 1-0

[Event "European Youth Chess Championship B12"]
[Site "Prague, Top Hotel Prague"]
[Date "2016.08.18"]
[Round "1.17"]
[White "Lukyanenko, Artemiy"]
[Black "Nguyen, Alex Dac-Vuong"]
[Result "0-1"]
[WhiteElo "1752"]
[BlackElo "2069"]
[PlyCount "52"]
[EventDate "2016.08.18"]

1. Nf3 Nf6 2. d4 g6 3. e3 Bg7 4. c4 O-O 5. Nc3 d5 6. h3 a6 7. Ne5 c5 8. a4 e6
9. Be2 dxc4 10. Nxc4 cxd4 11. exd4 Nc6 12. Be3 Nd5 13. Bf3 Nxe3 14. fxe3 Qh4+
15. Kf1 Rd8 16. Bxc6 bxc6 17. Qf3 Rb8 18. Rb1 c5 19. Na5 cxd4 20. Ne4 Bb7 21.
Nxb7 Rxb7 22. Nc5 Rb4 23. Nxa6 Rb3 24. Qf4 Qh5 25. e4 Qa5 26. Nc7 Be5 0-1

[Event "European Youth Chess Championship B12"]
[Site "Prague, Top Hotel Prague"]
[Date "2016.08.18"]
[Round "1.18"]
[White "Trifan, Andrei Ioan"]
[Black "Luczak, Filip"]
[Result "1-0"]
[WhiteElo "2069"]
[BlackElo "1749"]
[PlyCount "87"]
[EventDate "2016.08.18"]

1. e4 c5 2. Nf3 d6 3. d4 Nf6 4. Bd3 cxd4 5. Nxd4 Nc6 6. Nxc6 bxc6 7. c4 g6 8.
O-O Bg7 9. Nc3 O-O 10. Be2 Rb8 11. Qc2 Qc7 12. Rd1 Be6 13. Bf4 Qb7 14. b3 Nd7
15. Rac1 c5 16. Nd5 Ne5 17. Qc3 Nc6 18. Qg3 Nd4 19. Bf1 Bxd5 20. cxd5 a5 21.
Rc4 Ra8 22. Ra4 Qc7 23. Rc1 Rab8 24. Bd2 Ra8 25. Qe3 e5 26. Qe1 f5 27. exf5
gxf5 28. Rxa5 Qf7 29. b4 Rxa5 30. bxa5 Kh8 31. Bc4 Qg6 32. Kh1 Rg8 33. Bf1 Bf6
34. Rc3 f4 35. a6 e4 36. Bxf4 Nf3 37. Qc1 Bxc3 38. Qxc3+ Nd4 39. a7 Ra8 40. Qb2
Qg4 41. Qb8+ Qc8 42. Bxd6 Nf5 43. Qxc8+ Rxc8 44. Bb8 1-0

[Event "European Youth Chess Championship B12"]
[Site "Prague, Top Hotel Prague"]
[Date "2016.08.18"]
[Round "1.19"]
[White "Pribyl, Viktor"]
[Black "Solomon, Asif"]
[Result "0-1"]
[WhiteElo "1742"]
[BlackElo "2057"]
[PlyCount "92"]
[EventDate "2016.08.18"]

1. d4 Nf6 2. c4 g6 3. Nc3 Bg7 4. e4 d6 5. Nf3 O-O 6. Be2 e5 7. O-O Na6 8. dxe5
dxe5 9. Qxd8 Rxd8 10. Bg5 Re8 11. Rfd1 c6 12. h3 Nc5 13. Bxf6 Bxf6 14. b4 Ne6
15. Rac1 Nd4 16. Nd2 Bg5 17. Bf1 Bxh3 18. Ne2 Bg4 19. f3 Be3+ 20. Kh2 Nxe2 21.
Bxe2 Be6 22. Rc3 Bf4+ 23. Kg1 Bxd2 24. Rxd2 Red8 25. Rxd8+ Rxd8 26. Rd3 Rxd3
27. Bxd3 Kf8 28. Kf2 Ke7 29. a3 c5 30. Ke3 a5 31. b5 b6 32. Kf2 Kf6 33. Ke3 Kg5
34. Be2 h5 35. Bd3 f5 36. Be2 f4+ 37. Kf2 Kh4 38. Bd3 g5 39. Kg1 Kg3 40. Be2 g4
41. a4 gxf3 42. gxf3 h4 43. Bf1 h3 44. Bg2 h2+ 45. Kh1 Bxc4 46. Bf1 Bf7 0-1

[Event "European Youth Chess Championship B12"]
[Site "Prague, Top Hotel Prague"]
[Date "2016.08.18"]
[Round "1.20"]
[White "Uzumcu, Ahmet Utku"]
[Black "Pajcin, Lav"]
[Result "1-0"]
[WhiteElo "2047"]
[BlackElo "1735"]
[PlyCount "81"]
[EventDate "2016.08.18"]

1. e4 e5 2. Nf3 Nc6 3. Bc4 Bc5 4. c3 Nf6 5. d3 a6 6. Bb3 Ba7 7. Nbd2 O-O 8. h3
d5 9. Qe2 Re8 10. Nf1 h6 11. g4 Nd4 12. cxd4 dxe4 13. dxe4 exd4 14. N3d2 b5 15.
Ng3 Bb7 16. O-O c5 17. Qf3 Qc7 18. Bc2 c4 19. Re1 Nd7 20. Nb1 Ne5 21. Qg2 d3
22. Bd1 b4 23. Rf1 c3 24. bxc3 bxc3 25. Ba4 Red8 26. Bf4 Bd4 27. Nf5 Qb6 28.
Qg3 Qc5 29. Nxd4 Qxd4 30. Bxe5 Qxa4 31. Nxc3 Qc4 32. g5 h5 33. Rad1 d2 34. Kh2
Rd3 35. Qf4 Rad8 36. f3 a5 37. Rf2 Ba6 38. Rfxd2 Qc5 39. Nd5 Rxd2+ 40. Rxd2
Rxd5 41. exd5 1-0

[Event "European Youth Chess Championship B12"]
[Site "Prague, Top Hotel Prague"]
[Date "2016.08.18"]
[Round "1.21"]
[White "Grzesik, Gracjan"]
[Black "Spyropoulos, Nikolaos"]
[Result "1/2-1/2"]
[WhiteElo "1734"]
[BlackElo "2045"]
[PlyCount "95"]
[EventDate "2016.08.18"]

1. e4 c5 2. Nf3 Nc6 3. d4 cxd4 4. Nxd4 g6 5. Nc3 Bg7 6. Be3 Nf6 7. Be2 O-O 8.
O-O d5 9. exd5 Nb4 10. Qd2 Nbxd5 11. Nxd5 Nxd5 12. Bh6 Bxh6 13. Qxh6 Qb6 14.
Nb3 Bf5 15. c3 e5 16. g3 a5 17. Bf3 Rad8 18. Rad1 Nf6 19. Qc1 a4 20. Nd2 e4 21.
Bg2 Qe6 22. Rfe1 Bg4 23. f3 Qb6+ 24. Kh1 exf3 25. Nxf3 Rxd1 26. Qxd1 Rd8 27.
Qc1 Bxf3 28. Bxf3 Kg7 29. Rf1 Rd7 30. Kg2 Qc5 31. Qf4 b5 32. a3 Re7 33. Rd1 Re5
34. Qd4 Qe7 35. Rd2 Qe6 36. Rd1 g5 37. g4 h5 38. h3 hxg4 39. hxg4 Re3 40. Rd2
Re1 41. Rf2 Rb1 42. Re2 Qa2 43. Qe5 Rxb2 44. Qxg5+ Kf8 45. Qh6+ Kg8 46. Qg5+
Kh7 47. Qf5+ Kg8 48. Qg5+ 1/2-1/2

[Event "European Youth Chess Championship B12"]
[Site "Prague, Top Hotel Prague"]
[Date "2016.08.18"]
[Round "1.22"]
[White "Kochavi, Ori"]
[Black "Aalto, Patrik"]
[Result "1-0"]
[WhiteElo "2038"]
[BlackElo "1733"]
[PlyCount "63"]
[EventDate "2016.08.18"]

1. e4 c5 2. Nf3 g6 3. d4 cxd4 4. Nxd4 Bg7 5. Nc3 Nc6 6. Nde2 Nf6 7. g3 O-O 8.
Bg2 d6 9. O-O Bd7 10. h3 Qa5 11. Be3 a6 12. a4 Rac8 13. f4 Qh5 14. g4 Bxg4 15.
hxg4 Nxg4 16. Rf3 Nxe3 17. Rxe3 Qc5 18. Qd2 Nd4 19. Rc1 b5 20. axb5 axb5 21.
Kh1 Nxe2 22. Qxe2 b4 23. Nd5 Rfe8 24. Rb3 Rb8 25. c3 e6 26. Nxb4 d5 27. Na6 Qd6
28. Nxb8 Rxb8 29. e5 Qd8 30. Rxb8 Qxb8 31. b4 Bh6 32. Qf2 1-0

[Event "European Youth Chess Championship B12"]
[Site "Prague, Top Hotel Prague"]
[Date "2016.08.18"]
[Round "1.23"]
[White "Mansoor, Afras"]
[Black "Ognean, Mihnea-Ionut"]
[Result "0-1"]
[WhiteElo "1728"]
[BlackElo "2037"]
[PlyCount "59"]
[EventDate "2016.08.18"]

1. d4 Nf6 2. Bg5 Ne4 3. Bf4 c5 4. f3 Qa5+ 5. c3 Nf6 6. d5 d6 7. e4 g6 8. Na3
Bg7 9. Nc4 Qd8 10. a4 O-O 11. Bd3 Nh5 12. Ne2 Nxf4 13. Nxf4 Nd7 14. O-O Ne5 15.
Be2 Bd7 16. Qb3 Qc7 17. Nd3 Nxc4 18. Qxc4 b5 19. axb5 Rfb8 20. Qa2 Bxb5 21. c4
Bd4+ 22. Kh1 Bd7 23. g4 a5 24. Nf2 a4 25. Qa3 Ra7 26. Nd1 Qa5 27. e5 Qd2 28.
Ra2 Bxe5 29. Qd3 Qxd3 30. Bxd3 0-1

[Event "European Youth Chess Championship B12"]
[Site "Prague, Top Hotel Prague"]
[Date "2016.08.18"]
[Round "1.24"]
[White "Ozenir, Ekin Baris"]
[Black "Ratnesan, Ranesh"]
[Result "1-0"]
[WhiteElo "2030"]
[BlackElo "1714"]
[PlyCount "61"]
[EventDate "2016.08.18"]

1. d4 Nf6 2. c4 g6 3. Nc3 Bg7 4. e4 d6 5. Be2 O-O 6. Nf3 Nbd7 7. Be3 e5 8. d5
h6 9. Nd2 Ne8 10. g4 c6 11. h4 cxd5 12. cxd5 Nc7 13. Nc4 Qe7 14. Qd2 Kh7 15. h5
g5 16. a4 b6 17. Nb5 Nc5 18. Bxc5 Nxb5 19. axb5 bxc5 20. O-O Bd7 21. Na5 Qd8
22. Nc6 Qc7 23. Ra6 Bxc6 24. dxc6 Bf6 25. Rd1 Be7 26. Qd5 Kg7 27. Bc4 Kh8 28.
f3 f6 29. Rda1 Rfb8 30. b6 Rxb6 31. Rxa7 1-0

[Event "European Youth Chess Championship B12"]
[Site "Prague, Top Hotel Prague"]
[Date "2016.08.18"]
[Round "1.25"]
[White "Smelykh, Edvin"]
[Black "Czopor, Maciej"]
[Result "0-1"]
[WhiteElo "1709"]
[BlackElo "2025"]
[PlyCount "58"]
[EventDate "2016.08.18"]

1. e4 c5 2. Nf3 e6 3. d4 cxd4 4. Nxd4 Nf6 5. Nc3 d6 6. Bg5 Be7 7. Bxf6 Bxf6 8.
Ndb5 Be7 9. Qd4 O-O 10. Rd1 Nc6 11. Qd2 Qa5 12. a3 a6 13. b4 Qd8 14. Nxd6 Qc7
15. Nxc8 Raxc8 16. Na2 Rfd8 17. Bd3 Nd4 18. O-O Nxc2 19. Rc1 Qd6 20. Rxc2 Rxc2
21. Qxc2 Qxd3 22. Qxd3 Rxd3 23. Rc1 Rxa3 24. Rc8+ Bf8 25. Nc1 g6 26. g3 Kg7 27.
b5 axb5 28. Kg2 b4 29. Rc2 Rc3 0-1

[Event "European Youth Chess Championship B12"]
[Site "Prague, Top Hotel Prague"]
[Date "2016.08.18"]
[Round "1.26"]
[White "Kacharava, Nikolozi"]
[Black "Magold, Victor"]
[Result "1-0"]
[WhiteElo "2024"]
[BlackElo "1708"]
[PlyCount "47"]
[EventDate "2016.08.18"]

1. e4 c5 2. Nf3 d6 3. d4 cxd4 4. Nxd4 Nf6 5. Nc3 g6 6. Be3 Bg7 7. f3 O-O 8. Qd2
Nc6 9. g4 a6 10. O-O-O Nxd4 11. Bxd4 b5 12. h4 Bb7 13. h5 Ne8 14. Bxg7 Nxg7 15.
Qh6 g5 16. e5 Bxf3 17. Bd3 f5 18. exf6 Rxf6 19. Qxh7+ Kf7 20. Bg6+ Ke6 21. Qxg7
Bxh1 22. Bf5+ Ke5 23. Qxg5 Qb6 24. Bd7+ 1-0

[Event "European Youth Chess Championship B12"]
[Site "Prague, Top Hotel Prague"]
[Date "2016.08.18"]
[Round "1.27"]
[White "Nytra, Ondrej"]
[Black "Mochalin, Faddey"]
[Result "0-1"]
[WhiteElo "1708"]
[BlackElo "2020"]
[PlyCount "34"]
[EventDate "2016.08.18"]

1. e4 e6 2. d4 d5 3. e5 c5 4. c3 Qb6 5. Nf3 Nc6 6. Be2 cxd4 7. cxd4 Nh6 8. a3
Nf5 9. Kf1 Ncxd4 10. Be3 Nxe3+ 11. fxe3 Nf5 12. Qd2 Nxe3+ 13. Ke1 Nxg2+ 14. Kf1
Ne3+ 15. Ke1 Bd7 16. b4 Rc8 17. Nd4 Qxd4 0-1

[Event "European Youth Chess Championship B12"]
[Site "Prague, Top Hotel Prague"]
[Date "2016.08.18"]
[Round "1.28"]
[White "Petkov, Momchil"]
[Black "Skypala, Ondrej"]
[Result "1-0"]
[WhiteElo "1997"]
[BlackElo "1703"]
[PlyCount "57"]
[EventDate "2016.08.18"]

1. d4 Nf6 2. Nf3 g6 3. Bf4 Bg7 4. h3 O-O 5. e3 d6 6. Bc4 Nbd7 7. O-O Qe8 8. c3
e5 9. Bh2 e4 10. Nfd2 Nb6 11. Be2 g5 12. c4 Nfd7 13. Nc3 f5 14. b4 Nf6 15. c5
dxc5 16. bxc5 Nfd5 17. Nxd5 Nxd5 18. Bc4 c6 19. Qb3 Be6 20. Qxb7 f4 21. Nxe4
fxe3 22. fxe3 Nxe3 23. Rxf8+ Kxf8 24. Bxe6 Qxe6 25. Qxa8+ Ke7 26. Bd6+ Kd7 27.
Qb7+ Ke8 28. Qxg7 Qxe4 29. Qe7+ 1-0

[Event "European Youth Chess Championship B12"]
[Site "Prague, Top Hotel Prague"]
[Date "2016.08.18"]
[Round "1.29"]
[White "Hajpek, Erik"]
[Black "Budisavljevic, Luka"]
[Result "0-1"]
[WhiteElo "1701"]
[BlackElo "1993"]
[PlyCount "76"]
[EventDate "2016.08.18"]

{Waiting for moves from server...} 1. e4 c5 2. Nf3 e6 3. d4 cxd4 4. Nxd4 a6 5.
c4 Nf6 6. Bd3 Nc6 7. Be3 Ne5 8. h3 Bc5 9. Nc2 Bxe3 10. Nxe3 Qb6 11. O-O Qxb2
12. Nc2 O-O 13. f4 Qb6+ 14. Kh1 Nxd3 15. Qxd3 d5 16. exd5 exd5 17. cxd5 Bd7 18.
Nc3 Rac8 19. Nd4 Qc5 20. Nde2 b5 21. Rac1 Qd6 22. Rcd1 b4 23. Ne4 Nxe4 24. Qxe4
Rfe8 25. Qf3 Bb5 26. Rfe1 Ba4 27. Rd3 Rc2 28. Re3 Rxe3 29. Qxe3 Qxd5 30. f5 h6
31. Qg3 Bb5 32. f6 Qg5 33. Qxg5 hxg5 34. Nd4 Rxa2 35. Nxb5 axb5 36. fxg7 b3 37.
Rb1 b2 38. Kg1 Ra1 0-1

[Event "European Youth Chess Championship B12"]
[Site "Prague, Top Hotel Prague"]
[Date "2016.08.18"]
[Round "1.30"]
[White "Tanriverdi, Enes"]
[Black "Glozar, Petr"]
[Result "1-0"]
[WhiteElo "1991"]
[BlackElo "1688"]
[PlyCount "119"]
[EventDate "2016.08.18"]

1. d4 d5 2. c4 e6 3. Nc3 Nf6 4. Bg5 Be7 5. e3 h6 6. Bh4 O-O 7. Qc2 b6 8. Bxf6
Bxf6 9. cxd5 exd5 10. Nf3 Bg4 11. Be2 Be6 12. O-O Nd7 13. Rfd1 Be7 14. Bb5 Nf6
15. Bc6 Rc8 16. Ne5 Bd6 17. Qa4 a5 18. Bb7 Rb8 19. Bc6 Bxe5 20. dxe5 Ng4 21.
Bxd5 Bxd5 22. Qxg4 Be6 23. Rxd8 Bxg4 24. Rxb8 Rxb8 25. f3 Be6 26. a4 Bb3 27.
Kf2 Rd8 28. Ne4 Bc2 29. Nc3 Rd2+ 30. Kg3 Bb3 31. Rb1 Rd3 32. e4 Rd2 33. Nb5 c6
34. Na7 Rd7 35. Nc8 b5 36. axb5 cxb5 37. Nd6 b4 38. Rc1 a4 39. Rc8+ Kh7 40. Rb8
Re7 41. Rxb4 Rxe5 42. Nc4 Bxc4 43. Rxc4 Ra5 44. Rc3 Rb5 45. Ra3 Rxb2 46. Rxa4
Rb5 47. Ra2 f5 48. Kf4 fxe4 49. fxe4 Rh5 50. g4 Rb5 51. e5 Rb4+ 52. Kf5 Rb5 53.
Ra8 Rb6 54. e6 Rb5+ 55. Ke4 Rb1 56. Kd5 Re1 57. Kd6 Kg6 58. e7 Rd1+ 59. Kc5
Rc1+ 60. Kd4 1-0

[Event "European Youth Chess Championship B12"]
[Site "Prague, Top Hotel Prague"]
[Date "2016.08.18"]
[Round "1.31"]
[White "Chiriac, Daniel"]
[Black "Dudin, Gleb"]
[Result "0-1"]
[WhiteElo "1687"]
[BlackElo "1965"]
[PlyCount "78"]
[EventDate "2016.08.18"]

1. e4 e6 2. d4 d5 3. Nd2 c5 4. Ngf3 Nf6 5. exd5 exd5 6. Bb5+ Bd7 7. Bxd7+ Nbxd7
8. dxc5 Nxc5 9. Nb3 Nce4 10. O-O Be7 11. Nfd4 Qd7 12. f3 Nd6 13. Nc5 Qc7 14.
Nd3 O-O 15. c3 Nc4 16. Kh1 Rfe8 17. Qb3 a6 18. Bf4 Bd6 19. Bxd6 Qxd6 20. Qb4
Qxb4 21. Nxb4 Nxb2 22. Rfd1 Na4 23. Nd3 b5 24. Nf5 g6 25. Nd4 Re3 26. Nb4 Nxc3
27. Re1 Rxe1+ 28. Rxe1 a5 29. Nbc6 b4 30. Nb3 a4 31. Nc1 Nxa2 32. Nxa2 b3 33.
Nab4 a3 34. Nd4 Rb8 35. Nxb3 Rxb4 36. Na1 a2 37. Kg1 Rb1 38. Kf2 d4 39. Ke2 Nd5
0-1

[Event "European Youth Chess Championship B12"]
[Site "Prague, Top Hotel Prague"]
[Date "2016.08.18"]
[Round "1.32"]
[White "Stukan, Martin"]
[Black "Rokos, Filip"]
[Result "1-0"]
[WhiteElo "1962"]
[BlackElo "1687"]
[PlyCount "73"]
[EventDate "2016.08.18"]

1. e4 e5 2. Nf3 Nc6 3. Bb5 a6 4. Ba4 d6 5. d4 Bd7 6. O-O Nge7 7. Nc3 g6 8. Bg5
Bg7 9. Nd5 b5 10. Nf6+ Kf8 11. Nxd7+ Qxd7 12. Bb3 exd4 13. a4 b4 14. Bd5 Nxd5
15. exd5 Ne5 16. Nxd4 h6 17. Bc1 Kg8 18. b3 Kh7 19. Bb2 Rhe8 20. h3 c5 21. dxc6
Nxc6 22. Rb1 Rac8 23. Nxc6 Rxc6 24. Bxg7 Kxg7 25. Qd4+ Kh7 26. Qxb4 Rxc2 27.
Rbd1 Rc6 28. Rd5 Re5 29. Rfd1 Rxd5 30. Rxd5 Qe6 31. Qd4 Rc5 32. Rxd6 Rc1+ 33.
Kh2 Qxb3 34. Rd8 g5 35. Rh8+ Kg6 36. Rg8+ Kf5 37. g4+ 1-0

[Event "European Youth Chess Championship B12"]
[Site "Prague, Top Hotel Prague"]
[Date "2016.08.18"]
[Round "1.33"]
[White "Hersel, Rudolf"]
[Black "Bacrot, Alexandre"]
[Result "0-1"]
[WhiteElo "1685"]
[BlackElo "1961"]
[PlyCount "50"]
[EventDate "2016.08.18"]

1. d4 Nf6 2. Nf3 g6 3. Bf4 Bg7 4. h3 O-O 5. e3 d6 6. Nbd2 b6 7. Be2 Bb7 8. O-O
Nbd7 9. c3 Re8 10. Bh2 c5 11. a4 a5 12. Qb3 Rc8 13. Ng5 d5 14. Nb1 h6 15. Nf3
c4 16. Qc2 Ne4 17. Nbd2 Ndf6 18. Nxe4 Nxe4 19. Ne5 e6 20. Bf3 Nf6 21. Ng4 Nxg4
22. Bxg4 f5 23. Be2 Qd7 24. Be5 Bxe5 25. dxe5 d4 {nr} 0-1

[Event "European Youth Chess Championship B12"]
[Site "Prague, Top Hotel Prague"]
[Date "2016.08.18"]
[Round "1.34"]
[White "Minko, Dmitry"]
[Black "Hofman, Krystof"]
[Result "1-0"]
[WhiteElo "1960"]
[BlackElo "1684"]
[PlyCount "61"]
[EventDate "2016.08.18"]

1. e4 c5 2. Nf3 d6 3. d4 cxd4 4. Nxd4 Nf6 5. Nc3 g6 6. Be3 Bg7 7. f3 O-O 8. Qd2
Nc6 9. O-O-O Nxd4 10. Bxd4 Be6 11. Kb1 a6 12. g4 b5 13. h4 Bd7 14. h5 b4 15.
Ne2 a5 16. Nc1 Be6 17. Qh2 a4 18. Bxf6 exf6 19. Rxd6 Qc8 20. hxg6 fxg6 21.
Qxh7+ Kf7 22. Rh6 Rg8 23. Rxg6 b3 24. axb3 axb3 25. c3 Qc5 26. Rxe6 Kxe6 27.
Rxg7 Rxg7 28. Qxg7 Qf2 29. Bc4+ Kd6 30. Qxf6+ Kc5 31. Nd3+ 1-0

[Event "European Youth Chess Championship B12"]
[Site "Prague, Top Hotel Prague"]
[Date "2016.08.18"]
[Round "1.35"]
[White "Wolaniecki, Patryk"]
[Black "Sosovicka, Jakub"]
[Result "0-1"]
[WhiteElo "1669"]
[BlackElo "1959"]
[PlyCount "66"]
[EventDate "2016.08.18"]

1. e4 c5 2. Nf3 d6 3. c3 Nf6 4. Be2 g6 5. O-O Bg7 6. h3 O-O 7. d3 Nc6 8. Be3 e5
9. Nbd2 Qe7 10. Nh2 d5 11. Bg5 d4 12. Nb3 a6 13. Bd2 Be6 14. c4 Nd7 15. f4 f5
16. exf5 Bxf5 17. fxe5 Ncxe5 18. Bf4 Rae8 19. Ng4 Nxc4 20. dxc4 Qxe2 21. Nh6+
Bxh6 22. Bxh6 Rf7 23. Nd2 Qxd1 24. Raxd1 Bd3 25. Rfe1 Rfe7 26. Rxe7 Rxe7 27.
Bf4 Re2 28. a3 a5 29. b3 Ne5 30. Rc1 Kg7 31. Kh2 Kf6 32. Bh6 g5 33. Rd1 Bc2 0-1

[Event "European Youth Chess Championship B12"]
[Site "Prague, Top Hotel Prague"]
[Date "2016.08.18"]
[Round "1.36"]
[White "Bochnicka, Vladimir"]
[Black "Mach, Petr"]
[Result "1/2-1/2"]
[WhiteElo "1953"]
[BlackElo "1654"]
[PlyCount "72"]
[EventDate "2016.08.18"]

1. e4 c5 2. Nf3 e6 3. c3 d5 4. exd5 Qxd5 5. d4 cxd4 6. cxd4 Nf6 7. Nc3 Qd8 8.
Bc4 Nbd7 9. O-O Be7 10. Re1 Nb6 11. Bb3 Nbd5 12. Bg5 O-O 13. Re5 Re8 14. Qe1 h6
15. Nxd5 Nxd5 16. Bxe7 Nxe7 17. d5 exd5 18. Bxd5 Bg4 19. Bxb7 Rb8 20. Rd1 Qc7
21. Bd5 Rxb2 22. Bb3 Qb6 23. Ba4 Bxf3 24. gxf3 Qg6+ 25. Kh1 Qf6 26. Qe3 Rc8 27.
Rxe7 Rc3 28. Qe4 Qxf3+ 29. Qxf3 Rxf3 30. Bb3 Rfxf2 31. Rxf7 Rxh2+ 32. Kg1 Rhg2+
33. Kf1 Kh7 34. Rf8 Rh2 35. Bd5 Rh4 36. Kg1 Rg4+ 1/2-1/2

[Event "European Youth Chess Championship B12"]
[Site "Prague, Top Hotel Prague"]
[Date "2016.08.18"]
[Round "1.37"]
[White "Hosnedl, Matyas"]
[Black "Antonica, Dragos-Andrei"]
[Result "0-1"]
[WhiteElo "1652"]
[BlackElo "1946"]
[PlyCount "114"]
[EventDate "2016.08.18"]

1. e4 e6 2. d4 d5 3. Nc3 Bb4 4. e5 c5 5. a3 Bxc3+ 6. bxc3 Qc7 7. Nf3 Ne7 8. Bd3
Nbc6 9. O-O c4 10. Be2 f6 11. Bf4 Ng6 12. Qd2 Nxf4 13. Qxf4 O-O 14. Qe3 fxe5
15. Nxe5 Nxe5 16. Qxe5 Qxe5 17. dxe5 Bd7 18. Rfd1 Ba4 19. Ra2 Rf5 20. Bg4 Rxe5
21. f4 Re4 22. Rd4 Kf7 23. Rxe4 dxe4 24. Kf2 Rd8 25. Ke3 Bc6 26. Be2 Bd5 27.
Rb2 Kf6 28. Rb4 Rc8 29. Kd4 Kf5 30. g3 b6 31. h3 Rc5 32. Bg4+ Kf6 33. Be2 g5
34. a4 gxf4 35. gxf4 Kf5 36. Ke3 e5 37. Bg4+ Kf6 38. fxe5+ Kxe5 39. Rb5 Rc7 40.
Bf5 a6 41. Rxb6 Kxf5 42. Rxa6 Ke5 43. Rh6 Rf7 44. Rh5+ Rf5 45. Rxh7 Rf3+ 46.
Kd2 Rf2+ 47. Ke3 Rxc2 48. Rh5+ Kd6 49. Kd4 Rd2+ 50. Ke3 Rd3+ 51. Ke2 Rxc3 52.
Rh6+ Kc5 53. a5 Kd4 54. a6 Rc2+ 55. Kd1 Ra2 56. Rg6 Kd3 57. Rg3+ e3 0-1

[Event "European Youth Chess Championship B12"]
[Site "Prague, Top Hotel Prague"]
[Date "2016.08.18"]
[Round "1.38"]
[White "Pedoson, Georg Aleksander"]
[Black "Sarginalp, Tuna"]
[Result "1/2-1/2"]
[WhiteElo "1944"]
[BlackElo "1646"]
[PlyCount "49"]
[EventDate "2016.08.18"]

1. d4 Nf6 2. Nf3 g6 3. c4 Bg7 4. g3 O-O 5. Bg2 c5 6. O-O cxd4 7. Nxd4 Nc6 8.
Nc3 Qb6 9. Nxc6 dxc6 10. Qc2 Be6 11. b3 Bf5 12. e4 Nxe4 13. Bxe4 Bxe4 14. Qxe4
Bxc3 15. Be3 Qc7 16. Rad1 Bf6 17. Rd3 Rfd8 18. Rfd1 e6 19. Rxd8+ Bxd8 20. Rxd8+
Rxd8 21. Bxa7 Qa5 22. Bd4 Rxd4 23. Qxd4 Qxa2 24. Qd8+ Kg7 25. Qd4+ 1/2-1/2

[Event "European Youth Chess Championship B12"]
[Site "Prague, Top Hotel Prague"]
[Date "2016.08.18"]
[Round "1.39"]
[White "Hrbek, Tomas"]
[Black "Larkin, Vladislav"]
[Result "0-1"]
[WhiteElo "1633"]
[BlackElo "1932"]
[PlyCount "98"]
[EventDate "2016.08.18"]

1. e4 e5 2. Nf3 Nf6 3. Nc3 Bb4 4. Bc4 O-O 5. d3 d6 6. O-O h6 7. h3 c6 8. Bb3
Nbd7 9. Bd2 Nc5 10. Re1 a5 11. a3 Nxb3 12. cxb3 Bc5 13. Be3 Bxe3 14. fxe3 Qb6
15. d4 Re8 16. Qc2 Be6 17. b4 axb4 18. axb4 exd4 19. Rxa8 Rxa8 20. exd4 Qxb4
21. Qd2 Qb6 22. Kh2 Re8 23. d5 cxd5 24. exd5 Bd7 25. Rxe8+ Bxe8 26. Nd4 Bd7 27.
g4 Qc5 28. Nc2 b5 29. b4 Qc4 30. Qd4 Qb3 31. Qd2 Qc4 32. Qd4 Qf1 33. Kg3 Qc1
34. Qf2 Qb2 35. Qd2 Qxc3+ 36. Qxc3 Ne4+ 37. Kf3 Nxc3 38. Ne3 Kf8 39. Kf4 Ke7
40. h4 Bc8 41. g5 hxg5+ 42. hxg5 g6 43. Kf3 Bb7 44. Nc2 Nxd5 45. Ke2 Nf4+ 46.
Ke3 Ne6 47. Nd4 Nxd4 48. Kxd4 Ke6 49. Kc3 Kf5 0-1

[Event "European Youth Chess Championship B12"]
[Site "Prague, Top Hotel Prague"]
[Date "2016.08.18"]
[Round "1.40"]
[White "Coca, Cristi-Iulian"]
[Black "Dwyer, Daniel"]
[Result "1-0"]
[WhiteElo "1929"]
[BlackElo "1629"]
[PlyCount "90"]
[EventDate "2016.08.18"]

1. e4 c6 2. d4 d5 3. Nc3 dxe4 4. Nxe4 Bf5 5. Ng3 Bg6 6. h4 h6 7. h5 Bh7 8. Nf3
Nd7 9. Bd3 Bxd3 10. Qxd3 Ngf6 11. Bf4 e6 12. O-O-O Be7 13. Kb1 O-O 14. Ne4 Nxe4
15. Qxe4 Nf6 16. Qe2 Qd5 17. Ne5 Qe4 18. Qd2 Nd5 19. g3 Rad8 20. f3 Qf5 21. Be3
Nxe3 22. Qxe3 Bd6 23. g4 Qf6 24. f4 Qe7 25. Rdg1 c5 26. c3 Bxe5 27. dxe5 b6 28.
g5 hxg5 29. Rxg5 f6 30. Rg6 fxe5 31. fxe5 Qf7 32. Kc2 Qf5+ 33. Kc1 Rf7 34. Qg3
Rdd7 35. h6 Rfe7 36. hxg7 Rxg7 37. a3 a6 38. a4 b5 39. axb5 axb5 40. Qg2 Ra7
41. Rg1 Qd3 42. Rg3 Qd7 43. Qh2 b4 44. Rxg7+ Qxg7 45. Rxg7+ Rxg7 1-0

[Event "European Youth Chess Championship B12"]
[Site "Prague, Top Hotel Prague"]
[Date "2016.08.18"]
[Round "1.41"]
[White "Barak, David"]
[Black "Sargsyan, Sargis Vach"]
[Result "1/2-1/2"]
[WhiteElo "1627"]
[BlackElo "1912"]
[PlyCount "87"]
[EventDate "2016.08.18"]

1. d4 Nf6 2. Nf3 e6 3. Bf4 b6 4. e3 Bb7 5. Be2 Be7 6. O-O O-O 7. c4 c5 8. Nc3
cxd4 9. Nxd4 d6 10. Bg3 Na6 11. Bf3 Qc8 12. Bxb7 Qxb7 13. Rc1 Rac8 14. Qe2 Nc5
15. Rfd1 Rfd8 16. Kf1 Nce4 17. Nxe4 Nxe4 18. Rc2 Nxg3+ 19. hxg3 d5 20. cxd5
Rxc2 21. Nxc2 Rxd5 22. Rxd5 Qxd5 23. b3 h6 24. Nd4 Bf6 25. Nf3 Qe4 26. Kg1 a6
27. Kh2 Qb1 28. Nd4 Bxd4 29. exd4 Qf5 30. Qd2 Qd5 31. Qc3 g6 32. Qe3 Kg7 33. a4
h5 34. f3 Qd6 35. Kh3 Qd5 36. Kh2 Kf6 37. Qf4+ Kg7 38. Qe3 Kg8 39. Kh3 Kf8 40.
Qc3 Kg8 41. Qe3 Qf5+ 42. Kh2 Qd5 43. Kh3 g5 44. Qd3 1/2-1/2

[Event "European Youth Chess Championship B12"]
[Site "Prague, Top Hotel Prague"]
[Date "2016.08.18"]
[Round "1.42"]
[White "Dobrikov, Marco"]
[Black "Jun, Rudolf Jr"]
[Result "1-0"]
[WhiteElo "1911"]
[BlackElo "1621"]
[PlyCount "39"]
[EventDate "2016.08.18"]

1. e4 c5 2. Nf3 e6 3. d4 cxd4 4. Nxd4 d6 5. Nc3 a6 6. f4 Nf6 7. Bd3 Be7 8. O-O
O-O 9. Qf3 Nbd7 10. Be3 Qc7 11. f5 e5 12. Nde2 Nc5 13. g4 Bd8 14. g5 Ne8 15.
Nd5 Qd7 16. Qh5 b5 17. Rf3 g6 18. Qh6 gxf5 19. Nf6+ Bxf6 20. gxf6 1-0